Statistiques concernant Ville par lettre - C

Cliquez ici pour prendre le quiz!

Statistiques générales

  • Ce quiz a été pris 174 fois
  • Le résultat moyen est 10 sur 20

Statistiques - réponses

IndiceRéponse% Correct
Plus grande ville du MarocCasablanca
94%
Ville française célèbre pour son festival de filmsCannes
93%
Capitale du VenezuelaCaracas
93%
Grande ville américaine sur le lac MichiganChicago
88%
Capitale de GuinéeConakry
73%
Ville polonaise sur la VistuleCracovie
70%
Troisième agglomération indienneCalcutta
65%
Ville canadienne hôte des Jeux olympiques d'hiver de 1988Calgary
64%
Capitale économique du Sri LankaColombo
63%
Ville où se situe le pont ØresundCopenhague
59%
Troisième ville de ColombieCali
39%
Plus grande ville de Caroline du NordCharlotte
35%
Grande ville américaine sur le lac ÉriéCleveland
27%
Son ancien nom est MadrasChennai
26%
Capitale du SichuanChengdu
20%
Ville au Sud du BrésilCuritiba
20%
Grande ville du Bangladesh la plus proche de Cox's BazarChittagong
16%
Ville chinoise surnommée la ville-montagneChongqing
11%
La capitale mondiale du meurtreCiudad Juárez
7%
Ville de naissance du communisme chinoisChangsha
3%

Distribution des résultats

Percentile par nombre de réponses

% des personnes avec chaque résultat

Votre développement - résultats

Vous n’avez pas pris ce quiz